000 00545nam a2200181Ia 4500
005 20250508153154.0
008 008 250505s9999 xx 000 0 eng d
037 _aTextual
040 _aFEDL
_beng
_cFEDL
041 _aeng
_2eng
084 _a954, NEH
_qFEDL
100 _aNehru Jawaharlal
245 0 _aIndia's quest: Being letters on Indian history from 'glimpses of world history'
260 _aBombay, India
_bAsia Publishing House
_c1963
300 _avii,286p.
942 _cTEXL
_h954, NEH
999 _c1341038
_d1341038